Navrhovanie súčiastok generatívnym dizajnom

Saved in:
Bibliographic Details
Main Author: Grgač, Mikuláš (Author)
Other Authors: Buranský, Ivan (Thesis advisor)
Format: Manuscript Book
Language:Slovak
Published: 2024
Subjects:
Online Access:http://is.stuba.sk/zp/portal_zp.pl?podrobnosti=169286
Tags: Add Tag
No Tags, Be the first to tag this record!

MARC

LEADER 00000ntm a22000003a 4500
001 stuzp99791
003 SK-STU
005 20240629212901.2
007 ta
008 150427s2015----xo-----f-mn---000-0-slo-d
040 |a STU  |b slo 
041 0 |a slo 
100 1 |a Grgač, Mikuláš  |u 063000  |4 aut  |U MTF Materiálovotechnologická fakulta  |T MTF Ústav výrobných technológií  |X 116503  |U M3000  |Y 83  |7 116503 
242 0 1 |a Designing components by generative design  |y eng 
245 1 0 |a Navrhovanie súčiastok generatívnym dizajnom 
260 |c 2024 
650 4 |a Generatívny dizajn  |2 slo 
650 4 |a CAD  |2 slo 
650 4 |a FDM  |2 slo 
650 4 |a Fusion360  |2 slo 
650 4 |a CAD  |2 eng 
650 4 |a FDM  |2 eng 
650 4 |a Fusion360  |2 eng 
650 4 |a Generative design  |2 eng 
700 1 |a Buranský, Ivan  |u 063000  |k Z1  |4 ths  |U MTF Materiálovotechnologická fakulta  |T MTF Ústav výrobných technológií  |X 4587  |U M3000  |Y 83  |7 A000004587 
856 4 |u http://is.stuba.sk/zp/portal_zp.pl?podrobnosti=169286 
996 |c M* BP-9748  |l MMSKP  |s P  |a 0  |w stuzp99791_0001